|
|
|
|
| LEADER |
00000naa2a2200000 4500 |
| 001 |
419914 |
| 005 |
20231101073322.0 |
| 035 |
|
|
|a (RuTPU)RU\TPU\prd\77372
|
| 035 |
|
|
|a RU\TPU\prd\19568
|
| 090 |
|
|
|a 419914
|
| 100 |
|
|
|a 20100227a2003 k y0rusy50 ca
|
| 101 |
0 |
|
|a rus
|
| 102 |
|
|
|a RU
|
| 200 |
1 |
|
|a Новая форма кулоновского потенциала в сложных кристаллах. III
|f А. И. Нажалов, М. А. Нажалов
|
| 225 |
1 |
|
|a Физика конденсированного состояния
|
| 320 |
|
|
|a Библиогр.: 5 назв.
|
| 461 |
|
1 |
|0 (RuTPU)RU\TPU\prd\191
|x 0021-3411
|t Известия вузов. Физика
|f Министерство общего и профессионального образования Российской Федерации ; Томский Госуниверситет
|d 1958-
|
| 463 |
|
1 |
|0 (RuTPU)RU\TPU\prd\77369
|t Т. 46, № 9
|v с. 14-18
|d 2003
|
| 610 |
1 |
|
|a сложные кристаллы
|
| 610 |
1 |
|
|a кулоновский потенциал
|
| 610 |
1 |
|
|a функции Грина
|
| 610 |
1 |
|
|a элементарные ячейки
|
| 610 |
1 |
|
|a гексогональная плотноупакованная решетка
|
| 610 |
1 |
|
|a приближение Слетэра
|
| 675 |
|
|
|a 539.2:539.145
|v 3
|
| 700 |
|
1 |
|a Нажалов
|b А. И.
|
| 701 |
|
1 |
|a Нажалов
|b М. А.
|
| 801 |
|
1 |
|a RU
|b 63413507
|c 20031113
|g PSBO
|
| 801 |
|
2 |
|a RU
|b 63413507
|c 20101028
|g RCR
|
| 942 |
|
|
|c BK
|